000 00597nam a2200205Ia 4500
005 20250923145125.0
008 008 250917s9999 xx 000 0 eng d
037 _aTextual
040 _aDSWL
_beng
_cDSWL
041 _aeng
_2eng
084 _aX:9(Z).2, N67
_qDSWL
100 _aDawson, W.A.
_9832002
245 3 _aAn introductory guide to central labour legislation
_cby W.A. Dawson
260 _aBombay
_bAsia Publiing House
_c1967
300 _axvi,576 p.
365 _aINR
_b25
925 _g25
942 _cTEXL
_hX:9(Z).2, N67
999 _c1447439
_d1447439